Statistics for Ancient History: Augustus - Dates

Click here to take the quiz!

General Stats

  • This quiz has been taken 39 times
  • The average score is 7 of 10

Answer Stats

QuestionAnswer% Correct
The major struggle for power after the death of caesar was between Octavian and..Anthony
94%
Who was the senator that wrote many letters?Cicero
94%
When did Augustus live?63BCE - 14AD
90%
How was Augustus related to CaesarGreat nephew
81%
Which of the following was NOT a member of the second triumvirate?Cicero
77%
Before Augustus’ rule, Rome was a(n)‘Democracy’
77%
What does Magiter Equitum mean?Master of the horse
61%
The religious title Augustus gave himselfPontifex Maximus
58%
What political title did Augustus assume almost solely for himself?Tribune
42%
How old was Augustus when Caesar died?19
39%

Score Distribution

Percentile by Number Answered

Percent of People with Each Score

Your Score History

You have not taken this quiz